| 000 | 01015cab a22002055a 4500 | ||
|---|---|---|---|
| 001 | L149364 | ||
| 008 | 081201e20100218xxk f 000 0 eng d | ||
| 035 | _a(Sirsi) u149364 | ||
| 041 | 0 | _aeng | |
| 110 | 2 |
_aCivil Engineering Contractors Association _93765 |
|
| 245 | 0 | 0 |
_aCECA survey confirms workload slide _h[electronic resource] |
| 260 | _c2008 | ||
| 490 | _aCECA Press Release | ||
| 520 | _aPresents the Civil Engineering Contractors Association workload trends survey for the third quarter 2008. Reports that the decline of the market continues for the civil engineering contractors. Suggests that the rate of decrease is slower in October 2008 than in the three previous months. Forecasts that the decline in workload will continue over the next twelve months. | ||
| 590 | _aKA | ||
| 651 | 4 |
_aUnited Kingdom _y |
|
| 690 | _aBUILT ENVIRONMENT-CONSTRUCTION MARKET | ||
| 856 | 4 | 0 |
_http://www.ceca.co.uk/NewsDetail.aspx?NewsID=183&NewsTypeID=3 _zView the item free of charge at www.ceca.co.uk... |
| 942 | _n0 | ||
| 999 |
_c82159 _d82159 |
||